| 000 | 00488nam a2200157Ia 4500 | ||
|---|---|---|---|
| 008 | 210716s2015 xx 000 0 und d | ||
| 020 | _a9789339218478 | ||
| 041 | _aeng | ||
| 082 | _a374.22 FLEM | ||
| 100 | _aFletcher, Molly. | ||
| 245 |
_aWinners guide to negotiating: how conversation gets deals done. _bHow conversation gets deals done. |
||
| 250 | _a1 | ||
| 260 |
_aNew Delhi _bTata McGraw Hill Publishing Company Ltd _c2015 |
||
| 300 | _axii;210 | ||
| 650 | _aGeneral Management | ||
| 999 |
_c209348 _d209348 |
||